00678nam a2200181 i 450000100060000000300090000600500170001500700030003200800410003510000230007624501270009926000410022630000270026770000270029485200320032199900170035395201260037029180ES-MaACL20230906154003.0t|030121s1958 fr ||||1| fre d1 aBarbier, P.92546010aProgrés technique et organisation du travail bases du progrés social / cpar P. Barbier ; préface de J. Fourastié. aParís : bDunod, c1958 (fLebois) aXII, 271 p. ; c22 cm.1 aFourastié, J.951954 aES-MaACLjC-17467 bR.45102 c29180d29180 00104070aATENEOMbATENEOMcGaleríad2008-01-17eSCl0oC-17467p1030124r2023-02-23 00:00:00w2023-02-23yMONOGRAFIA